Statistics for KRAJI_3 - Julijske A. - SV del

Click here to take the quiz!

General Stats

  • This quiz has been taken 79 times
    (76 since last reset)
  • The average score is 16 of 19

Answers on the Map

Answers color-coded by a green-red scale on the quiz's map according to % correct below.
 

Answer Stats

Answer% Correct
Javorniški Rovt
93%
Dežela
90%
Jesenice
90%
Begunje na Gorenjskem
88%
Brezje
88%
Golnik
88%
Kropa
88%
Naklo
88%
Vrba na Gorenjskem
88%
Blejski kot
85%
Planina pod Golico
85%
Rodine
85%
Žirovnica
85%
Gorjuše
83%
Nomenj
83%
Preddvor
83%
Jelendol
80%
Kokra
73%
Mošnje
70%

Score Distribution

Percentile by Number Answered

Percent of People with Each Score

Your Score History

You have not taken this quiz since the last reset